A history of economic thought

Guardat en:
Dades bibliogràfiques
Autor principal: Roll, Eric (Autor)
Format: Llibre
Idioma:anglès
Publicat: Upper Saddle River Prentice Hall 1964
Edició:3a. ed
Matèries:
Etiquetes: Afegir etiqueta
Sense etiquetes, Sigues el primer a etiquetar aquest registre!

MARC

LEADER 00000nam a2200000 a 4500
001 UCT7585
003 CL-VaPUC
008 970123e19640000us |||||||||||||||||eng|d
082 0 4 |a 330.12  |b ROL  |2 21 
100 0 |a Roll, Eric  |e author  |9 378597 
245 1 2 |a A history of economic thought 
250 |a 3a. ed 
300 |a 540 p 
942 |c BK 
945 |d 19970123 00:00:00  |a nastorga 
260 |a Upper Saddle River  |b Prentice Hall  |c 1964 
600 0 |a Aristóteles,  |d 384 a.C.- 322 a.C.  |9 194 
600 0 7 |a PLATON  |2 CL-VaPUC  |9 222 
650 0 |a Economía   |9 255568 
650 0 |a Historia  |9 255047 
650 0 |a Cristianismo  |9 257361 
650 0 |a Edad media  |9 258041 
650 0 |a Capitalismo  |9 255255 
650 7 |a MERCANTILISMO  |2 CL-VaPUC  |9 313449 
650 0 |a Política económica   |9 255029 
650 0 |a Filosofía   |9 223554 
650 0 |a Industrialización  |9 263687 
650 7 |a REVOLUCION  |2 CL-VaPUC  |9 338298 
650 7 |a CLASICISMO  |2 CL-VaPUC  |9 268682 
650 0 |a Socialismo  |9 255260 
650 0 |a Desarrollo económico  |9 259599 
650 0 |a Modernismo  |9 267987 
651 0 |a Grecia  |9 265314 
651 0 |a Roma   |9 255106 
583 |a last modification  |c 20171205 01:19:54  |k Rodrigo Vera 
999 |c 256157  |d 256155 
952 |0 0  |1 0  |4 0  |6 330_120000000000000_ROL_1964  |7 0  |8 P  |9 278731  |a BIBGIM  |b BIBGIM  |d 2019-11-19  |i 3276767  |o 330.12 ROL 1964  |p 3276767  |r 2025-01-15  |w 2019-11-19  |y BK  |k COM